Loading...
| Science - Biology | 0 | 8 | 0 | 1 | 80 | 38 | 66.63 | 0 | 4 | 0.00 | 0.00 |
| Science - Physics | 0 | 6 | 0 | 1 | 60 | 43 | 64.83 | 0 | 2 | 0.00 | 0.00 |
| Science - Chemistry | 0 | 6 | 1 | 2 | 55 | 67 | 85.33 | 0 | 0 | 0.00 | 0.00 |
| Fine Arts - Other | 0 | 4 | 1 | 0 | 35 | 40 | 69.75 | 0 | 3 | 0.00 | 0.00 |
| Literature - British | 0 | 3 | 0 | 0 | 30 | 60 | 74.00 | 0 | 0 | 0.00 | 0.00 |
| Fine Arts - Painting and Sculpture | 0 | 3 | 0 | 0 | 30 | 85 | 95.33 | 0 | 1 | 0.00 | 0.00 |
| Literature - World | 0 | 3 | 0 | 1 | 30 | 51 | 85.00 | 1 | 1 | 0.00 | 0.00 |
| History - American | 0 | 3 | 1 | 0 | 25 | 35 | 43.33 | 2 | 2 | 0.00 | 0.00 |
| Popular Culture | 0 | 2 | 0 | 0 | 20 | 34 | 61.50 | 0 | 1 | 0.00 | 0.00 |
| History - Other | 0 | 2 | 0 | 1 | 20 | 93 | 101.50 | 0 | 1 | 0.00 | 0.00 |
| History - World | 0 | 2 | 0 | 0 | 20 | 92 | 95.50 | 0 | 0 | 0.00 | 0.00 |
| Mythology | 0 | 2 | 0 | 0 | 20 | 36 | 55.50 | 1 | 2 | 0.00 | 0.00 |
| Fine Arts - Classical Music | 0 | 2 | 1 | 0 | 15 | 90 | 98.50 | 0 | 0 | 0.00 | 0.00 |
| Social Science | 0 | 1 | 0 | 0 | 10 | 47 | 47.00 | 0 | 1 | 0.00 | 0.00 |
| Literature - American | 0 | 1 | 0 | 0 | 10 | 63 | 63.00 | 1 | 1 | 0.00 | 0.00 |
| Literature - European | 0 | 1 | 0 | 0 | 10 | 82 | 82.00 | 0 | 1 | 0.00 | 0.00 |
| Science - Other | 0 | 1 | 1 | 0 | 5 | 91 | 91.00 | 0 | 1 | 0.00 | 0.00 |
| Geography | 0 | 0 | 1 | 0 | -5 | 0.00 | 0 | 0 | 0.00 | 0.00 |